00722 a2200193 4500999001500000010001400015020002600029035001300055037001500068082001000083100001900093245012700112260004400239270005800283300002800341500001900369942002900388952011100417 c4362d4362 aENG-86252 a9788120331273c350.00 aEN-69785 bDBAD / PUB14a658.5 aCarreira, Bill1 aLean manufacturing that works :cby Bill CarreirabPowerful tools for dramatically reducing waste and maximizing profits / aNew DelhibPrentice-Hall of Indiac2007 aM-97, Connaught CircusbNew DelhicNew Delhie110 001 avi, 295p.c24cm. (Pbk) aIncludes index adplcEN2ddch658.5mCAR 001040718NFICaDBADbDBADeDBAD/PUBg350.00l0o658.5 CARpEN-69785r2008-09-15 00:00:00t1v350.00yEN